Geheimdienste Allgemein - Statistiken

Allgemein
  • Dieses Quiz wurde 158 mal gespielt
  • Das Durchschnittsergebnis liegt bei 4 aus 7
Antwortstatistiken
Frage Antwort % Korrekt
Welcher ist kein US-Geheimdienst BWU
100%
Welcher ist kein deutscher Geheimdienst DSN
100%
Welcher ist kein französischer Geheimdienst IAC
67%
Welcher ist ein britischer Geheimdienst MI5
67%
Welcher ist kein russischer Geheimdienst KGB
33%
Welcher Geheimdienst beschaffte den genauen Wortlaut der Rede Kruschtschows auf dem XX. Parteitag der Komunistischen Partei Mossad
33%
Der KGB ist Geheimdienst welcher Nation Belarus
0%
Keine übereinstimmenden Quizze gefunden
Verteilung der Resultate
Anzahl Personen mit jedem Resultat
Perzentil nach korrekt beantworteten Fragen
Ihre Resultats-Entwicklung
Sie haben dieses Quiz noch nicht gespielt